Gandhi : (Record no. 135833)

MARC details
000 -LEADER
fixed length control field 00810nam a22002417a 4500
005 - DATE AND TIME OF LATEST TRANSACTION
control field 20170124110250.0
010 ## - LIBRARY OF CONGRESS CONTROL NUMBER
LC control number A-808606
020 ## - INTERNATIONAL STANDARD BOOK NUMBER
Terms of availability 00.00
035 ## - SYSTEM CONTROL NUMBER
System control number A-808606
037 ## - SOURCE OF ACQUISITION
Source of stock number/acquisition Cen Lib/Ret
040 ## - CATALOGING SOURCE
Original cataloging agency DPL
Language of cataloging EN
082 ## - DEWEY DECIMAL CLASSIFICATION NUMBER
Classification number 301.153
Item number JAF
100 ## - MAIN ENTRY--PERSONAL NAME
Personal name Jafa, Manorama
9 (RLIN) 98681
245 ## - TITLE STATEMENT
Title Gandhi :
Statement of responsibility, etc by Manorama Jafa ; illustrated by Deepak Harichandan
Remainder of title the man of pece /
260 ## - PUBLICATION, DISTRIBUTION, ETC. (IMPRINT)
Place of publication, distribution, etc Delhi
Name of publisher, distributor, etc Ratna Sagar
Date of publication, distribution, etc 1995
270 ## - ADDRESS
City Delhi
Address Virat bhawan, Nukherji nagar
Postal code 110009
300 ## - PHYSICAL DESCRIPTION
Extent 95p. :
Dimensions 21cm(Hb)
Other physical details ill.
500 ## - GENERAL NOTE
General note Includes bibliographical references and index
650 ## - SUBJECT ADDED ENTRY--TOPICAL TERM
Topical term or geographic name as entry element Political science -- Novelist -- Biography
9 (RLIN) 98682
650 ## - SUBJECT ADDED ENTRY--TOPICAL TERM
Topical term or geographic name as entry element Political leader -- Biography
9 (RLIN) 89256
700 ## - ADDED ENTRY--PERSONAL NAME
Personal name Harichandan, Deepak
9 (RLIN) 98683
942 ## - ADDED ENTRY ELEMENTS (KOHA)
Source of classification or shelving scheme Dewey Decimal Classification
Koha item type English Books
Classification part 301.153
Call number suffix JAF
Holdings
Withdrawn status Lost status Damaged status Not for loan Home library Current library Date acquired Source of acquisition Cost, normal purchase price Total Checkouts Full call number Barcode Date last seen Copy number Cost, replacement price Price effective from Koha item type Public note
Written off       Central Library Central Library 08/10/2015 Cen Lib/Ret 0.00   301.153 JAF A-808606 08/10/2015 1 0.00 08/10/2015 English Books W/d list no. 6832/21

© Delhi Public Library
Hit Counter
free hit counter